000
00289nam a2200121Ia 4500
005
20251222154344.0
008
251222s9999||||xx |||||||||||||| ||spa||
020
_a
84-288-0992-5
082
_a
249.2/C25
100
_a
"Canta Rubio, Juan"
245
0
_a
Evangelizar con el arte
942
_c
LIB
999
_c
34629
_d
34629